000 00692cam a22002293a 4500
001 12849
003 PGUSA
005 20140828083258.0
008 040708s2004||||xxu|||||s|||||000 | eng d
040 _aPGUSA
_beng
042 _adc
050 4 _aGN
100 1 _aCole, Fay-Cooper,
_d1881-1961
245 1 4 _aThe Tinguian :
_bSocial, Religious, and Economic Life of a Philippine Tribe
_h[electronic resource] /
_cFay-Cooper Cole
260 _bProject Gutenberg,
_c2004
506 _aPublic domain in the USA.
516 _aElectronic text
653 _aTinguian (Philippine people)
830 0 _aProject Gutenberg
_v12849
856 4 0 _uhttp://www.gutenberg.org/ebooks/12849
942 _cEB
999 _c242104
_d242104